000 00808 a2200181 4500
000
001 85449
022 _a978157224371252195
_a978157224371252195
082 _a302.2 MAR
_a302.2 MAR
090 _c40137
_c40137
_d40136
_d40136
100 _aMartha Davis; patrick Fanning; Kim Paleg
_aMartha Davis; patrick Fanning; Kim Paleg
245 _aMessages Workbook: Powerful Strategies for Effective Communication At work and Home
_aMessages Workbook: Powerful Strategies for Effective Communication At work and Home
_hEnglish
_hEnglish
250 _a1st
_a1st
260 _aUSA
_aUSA
_bNew Harbinger Publications
_bNew Harbinger Publications
_c2004
_c2004
300 _av, 232p.
_av, 232p.
500 _aDOS BS Reference Books
_aDOS BS Reference Books
505 _aGifted Books
_aGifted Books
942 _acaenust
_acaenust
_k302.2 MAR
_k302.2 MAR
999 _c320522
_d320522